The naval gazetteer, or, Seaman's complete guide : containing a full and accurate account, alphabetically arranged, of the several coasts of all the countries and islands in the known world ... : also comprehending ample directions for sailing into or out of the different ports, straits, and harbours of the four quarters of the world /

Bibliographic Details
Main Author: Malham, John, 1747-1821
Format: Microform Book
Language:English
Edition:1st American ed.
Subjects:

MARC

Tag First Indicator Second Indicator Subfields
LEADER 00000cam a2200000 a 4500
001 in00000092628
005 20151008064315.0
007 he bm----b---
008 810630r19791797kyub b 00010 eng d
035 |a (OCoLC)07539747 
035 |9 AAK3932AM 
040 |a MIA  |c MIA  |d TXA  |d UtOrBLW 
049 |a TXAI 
099 |a fiche  |a C  |a 3870 
100 1 |a Malham, John,  |d 1747-1821. 
245 1 4 |a The naval gazetteer, or, Seaman's complete guide :  |b containing a full and accurate account, alphabetically arranged, of the several coasts of all the countries and islands in the known world ... : also comprehending ample directions for sailing into or out of the different ports, straits, and harbours of the four quarters of the world /  |c by John Malham. 
250 |a 1st American ed. 
264 3 |a Boston :  |b Printed for and sold by W. Spottswood and J. Nancrede,  |c 1797. 
300 |a 2 volumes :  |b 17 folded maps ;  |c 22 cm. 
336 |a text  |b txt  |2 rdacontent 
337 |a microform  |b h  |2 rdamedia 
338 |a microfiche  |b he  |2 rdacarrier 
500 |a "Sabin : 44119." 
500 |a "Copied from the original in the Library of Congress." 
533 |a Microfiche.  |b Louisville, [Ky.] :  |c Lost Cause Press,  |d 1979.  |e 15 microfiches (negative) ; 11 x 15 cm.  |f ([Bibliotheca Americana. Selected Americana. Microfiche ed. / J. Sabin]) (Fiche book) 
500 |a Microform. 
650 0 |a Geography  |v Dictionaries. 
650 0 |a Pilot guides. 
999 |a MARS 
999 f f |s efe6555b-6e00-330c-8e37-e0b8984b6843  |i 390136f2-7b22-3215-8d27-941bda6f2c22  |t 0 
952 f f |p normal  |a Texas A&M University  |b College Station  |c Sterling C. Evans Library  |d Evans: Microforms (3rd floor)  |t 0  |e fiche C 3870  |h Other scheme  |i microform -- microfiche  |k v.2  |m A14821396358 
952 f f |p normal  |a Texas A&M University  |b College Station  |c Sterling C. Evans Library  |d Evans: Microforms (3rd floor)  |t 0  |e fiche C 3870  |h Other scheme  |i microform -- microfiche  |k v.1  |m A14821396316 
998 f f |a fiche C 3870  |s v.1-v.2  |t 0  |l Evans: Microforms (3rd floor)